Report on the jail administration of the province of Assam 1876 / (Record no. 771925)

MARC details
000 -LEADER
fixed length control field 00792nam a2200277 a 4500
001 - CONTROL NUMBER
control field vtls000949762
003 - CONTROL NUMBER IDENTIFIER
control field NLI
005 - DATE AND TIME OF LATEST TRANSACTION
control field 20210627092526.0
008 - FIXED-LENGTH DATA ELEMENTS--GENERAL INFORMATION
fixed length control field 111222s1876 ii s000 0 eng
039 #9 - LEVEL OF BIBLIOGRAPHIC CONTROL AND CODING DETAIL [OBSOLETE]
-- 201112221826
-- Entertech_02
040 0# - CATALOGING SOURCE
Original cataloging agency NLI
Language of cataloging eng
Transcribing agency Entertech-2011
Description conventions AACR2
041 0# - LANGUAGE CODE
Language code of text/sound track or separate title eng
044 ## - COUNTRY OF PUBLISHING/PRODUCING ENTITY CODE
MARC country code ii
082 04 - DEWEY DECIMAL CLASSIFICATION NUMBER
Classification number 365.95411
110 1# - MAIN ENTRY--CORPORATE NAME
Corporate name or jurisdiction name as entry element Assam (India)
245 10 - TITLE STATEMENT
Title Report on the jail administration of the province of Assam 1876 /
Statement of responsibility, etc. Government of Assam
260 ## - PUBLICATION, DISTRIBUTION, ETC.
Place of publication, distribution, etc. Shillong :
Name of publisher, distributor, etc. The Government,
Date of publication, distribution, etc. 1876
300 ## - PHYSICAL DESCRIPTION
Extent xxx, iv p.:
Dimensions 22 cm
650 #0 - SUBJECT ADDED ENTRY--TOPICAL TERM
Topical term or geographic name entry element Jails
Geographic subdivision India
650 #0 - SUBJECT ADDED ENTRY--TOPICAL TERM
Topical term or geographic name entry element Prisoners
Geographic subdivision India
9 (RLIN) 897988
887 ## - NON-MARC INFORMATION FIELD
Content of non-MARC field
901 ## - LOCAL DATA ELEMENT A, LDA (RLIN)
a IMP72365 date
b 01.10.2010
902 ## - LOCAL DATA ELEMENT B, LDB (RLIN)
a GP 365.95411 As72adm
942 ## - ADDED ENTRY ELEMENTS (KOHA)
Source of classification or shelving scheme Dewey Decimal Classification
Koha item type Books
Holdings
Withdrawn status Lost status Damaged status Not for loan Collection code Home library Current library Shelving location Date acquired Total Checkouts Full call number Date last seen Price effective from Koha item type
        Government Publications National Library of India National Library of India Annexe Reading Room & Stack Division     GP 365.95411 As72adm 27/06/2021 27/06/2021 Books
                                                                           
web counter

Copyright ©2020 The National Library of India, Govt. of India ↔ Hosted by NVLI, MOC ↔ Technology and Design by National Library of India, Ministry of Culture, Govt. of India